000 01040nam a22002651i 4500
001 166911
003 ES-MaACL
005 20250604062549.0
008 990412s1894 sp ac |||| |cspa d
040 _aCAM
_bspa
_cCAM
100 1 _aValero de Tornos, Juan.
_9112667
245 1 0 _aEspaña en fin de siglo /
_cpor Juan Valero de Tornos ; con la colaboración "efectiva" de los primeros escritores ; fotograbados españoles de Luis Romea.
260 _aMadrid :
_bEst. Tip. de "Sucesores de Rivadeneyra",
_c1894.
300 _a1 v. (369 p.) :
_bil., retr. ;
_c32 cm.
500 _aÍndices.
505 8 _aContiene: Tomo I
596 _aEditor, Luis Valero Martín.
597 _aEn port.: Papel español de la Fábrica de Orusco.
650 0 4 _aEspañoles-
_yS.XIX-
_xBiografías.
_912478
651 7 _aEspaña-
_xHistoria-
_yS.XIX
_2
_9142005
700 1 _aRomea, Luis.
_9146638
700 1 _aValero Martín, Luis.
_9146639
852 _aES-MaACL
_jG-5006
_z. - Enc. cartoné
_z. - Legado M. de la Fuente
999 _c166911
_d166911